000 00648nam a2200229Ia 4500
003 OSt
005 20220918202026.0
006 a|||||r|||| 00| 0
007 ta
008 220917b |||||||| |||| 00| 0 eng d
024 _a98,223
037 _cTextual
040 _aARTS
_cARTS
_beng
041 _2eng
_aeng
082 _aV2:28xL79x, B4 (+)
100 _aElphinstone Mountstuart
_9101857
245 0 _aSelections from the minutes and other official writings, ed by George W Forrest
260 _c1884
650 _aHISTORY
942 _hV2:28xL79x, B4 (+)
_cTEXL
_2CC
999 _c221816
_d221816